Vibgyor (Record no. 8635)
[ view plain ]
| 000 -LEADER | |
|---|---|
| fixed length control field | 00552cam a2200217ua 4500 |
| 001 - CONTROL NUMBER | |
| control field | 9614 |
| 005 - DATE AND TIME OF LATEST TRANSACTION | |
| control field | 20260515114511.0 |
| 008 - FIXED-LENGTH DATA ELEMENTS--GENERAL INFORMATION | |
| fixed length control field | 160309n ii |||gr||||Z||||||eng |
| 020 ## - INTERNATIONAL STANDARD BOOK NUMBER | |
| International Standard Book Number | 9780199460724 |
| 040 ## - CATALOGING SOURCE | |
| Transcribing agency | MAIN |
| 041 ## - LANGUAGE CODE | |
| Language code of text/sound track or separate title | eng |
| 082 ## - DEWEY DECIMAL CLASSIFICATION NUMBER | |
| Classification number | 820 |
| 100 ## - MAIN ENTRY--PERSONAL NAME | |
| Personal name | Sarma, Gautam Kumar, |
| Relator term | Author. |
| 245 1# - TITLE STATEMENT | |
| Title | Vibgyor |
| Statement of responsibility, etc. | by Gautam Kumar Sarma and others |
| 250 ## - EDITION STATEMENT | |
| Edition statement | 1st ed. |
| 260 ## - PUBLICATION, DISTRIBUTION, ETC. | |
| Place of publication, distribution, etc. | New Delhi: |
| Name of publisher, distributor, etc. | Oxford university press, |
| Date of publication, distribution, etc. | 2015. |
| 300 ## - PHYSICAL DESCRIPTION | |
| Extent | 68p. |
| 653 ## - INDEX TERM--UNCONTROLLED | |
| Uncontrolled term | English.& Old English literatures |
| 653 ## - INDEX TERM--UNCONTROLLED | |
| Uncontrolled term | English textbook |
| 942 ## - ADDED ENTRY ELEMENTS (KOHA) | |
| Koha item type | Books |
| Withdrawn status | Lost status | Damaged status | Not for loan | Home library | Current library | Shelving location | Date acquired | Total checkouts | Full call number | Barcode | Date last seen | Date last checked out | Copy number | Price effective from | Koha item type |
|---|---|---|---|---|---|---|---|---|---|---|---|---|---|---|---|
| Naharkatiya College Library | Naharkatiya College Library | General stacks | 09/19/2020 | 2 | 820 | VIB | 23079 | 02/07/2022 | 02/07/2022 | 1 | 09/19/2020 | Books | ||||
| Naharkatiya College Library | Naharkatiya College Library | General stacks | 09/19/2020 | 820 | VIB | 23080 | 09/19/2020 | 2 | 09/19/2020 | Books | ||||||
| Naharkatiya College Library | Naharkatiya College Library | General stacks | 09/19/2020 | 820 | VIB | 23081 | 01/30/2023 | 3 | 09/19/2020 | Books |